Top 12 Charlotte Hornets of All-Time - Statistics

General Stats
  • This quiz has been taken 122 times
    17 since last reset
  • The average score is 7 of 12
Answer Stats
# Player Win Shares % Correct
1 Kemba Walker 48.5
100%
6 Dell Curry 31.0
82%
12 Miles Bridges 25.5
82%
8 Glen Rice 28.4
76%
4 Larry Johnson 41.1
76%
2 Gerald Wallace 45.9
59%
3 Muggsy Bogues 44.8
59%
11 Emeka Okafor 26.2
53%
9 Marvin Williams 27.5
53%
10 David Wesley 26.9
24%
7 Anthony Mason 29.5
18%
5 Cody Zeller 31.0
18%
No matching quizzes found
Score Distribution
Percent of People with Each Score
Percentile by Number Answered
Your Score History
You have not taken this quiz since the last reset